000 00656nam a2200241Ia 4500
005 20250425162736.0
008 250425s9999 xx 000 0 und d
020 _a0684852861
041 _aeng
082 _a658.409
100 _aBUCKINGHAM, MARCUS
245 0 _aFIRST, BREAK ALL THE RULES: WHAT THE WORLD`S GREATEST MANAGERS DO DIFFERENTLY
250 _a1ST ED.
260 _aEstados Unidos
_bSIMON & SCHUSTER
_c1999
260 _aNEW YORK
300 _a271
500 _aDONADO POR GUILLERMO AROSEMENA
650 _aHABILIDADES
650 _aSISTEMA DE ADMINISTRACION
710 _aSIMON & SCHUSTER
942 _c01
010 _a104450
999 _c235487
_d235487